| 000 | 01506nam0a2200349 4500 | ||
|---|---|---|---|
| 001 | RU\NLR\bibl\1693187 | ||
| 005 | 20260406044408.0 | ||
| 010 |
_a978-5-89407-426-9 _9150 |
||
| 021 |
_aRU _b2010-74591 _94956 |
||
| 035 | _a(nilc)RSL-KNO-004739824 | ||
| 035 | _a(NLR Aleph) 001684295 | ||
| 090 |
_a1120859 _c1120859 |
||
| 100 | _a20101004d2010 |||y0rusy50 ca | ||
| 101 | 0 | _arus | |
| 102 | _aRU | ||
| 105 | _ay ||||||||| | ||
| 200 | 1 |
_aЛекции по методу конечных элементов _eучебное пособие _fВ. Б. Андреев _gМосковский гос. ун-т им. М. В. Ломоносова, Фак. вычислительной математики и кибернетики |
|
| 205 | _aИзд. 2-е, испр. и доп. | ||
| 210 |
_aМосква _cМАКС Пресс _d2010 |
||
| 215 |
_a262, [1] с. _cил. _d21 |
||
| 313 | _a1-е изд. 1997 г. | ||
| 320 | _aБиблиогр.: с. 254-256 | ||
| 606 | 1 |
_aКонечных элементов метод _jУчебные издания для высших учебных заведений _92086472 _3RU\NLR\auth\661262612 |
|
| 686 |
_aВ192.13я73-2 _2rubbk |
||
| 686 | _aВ192.13я73-2 | ||
| 700 | 1 |
_4070 _8rus _7ca _aАндреев _bВ. Б. _cматематик _f1940- _gВладимир Борисович _3RU\NLR\auth\774267 _9114249 |
|
| 801 | 0 |
_aRU _bРГБ _c20101004 _grcr |
|
| 801 | 1 |
_aRU _bРГБ _c20101004 |
|
| 801 | 2 |
_aRU _bNLR _c20101101 _grcr |
|
| 942 | _cBOOK | ||
| 980 | _aNB | ||